Introducción a la teoría del delito. (Registro nro. 4366)

Detalles MARC
000 -Cabecera
Campo de control de longitud fija 00813aam a2200337 4500
005 - Fecha y hora de la última transacción
Campo de control 20260303151257.0
008 - Elementos de longitud fija--Información general
Campo de control de longitud fija 150408b2005 xxu||||| |||| 00| 0 spa d
020 ## - International Standard Book Number
Número Internacional Estándar del Libro (ISBN) 9687804866
041 ## - Idioma
Código de idioma Español
082 ## - Clasificación Decimal Dewey
Número de clasificación 364.1 J61i2
100 ## - Entrada principal--Autor personal
Nombre personal Jiménez Martínez, Javier
9 (RLIN) 32298
245 ## - Título propiamente dicho
Título Introducción a la teoría del delito.
260 ## - Pie de imprenta
Lugar de publicación, distribución, etc. México
260 ## - Pie de imprenta
Nombre del editor, distribuidor, etc. Angel Editor
260 ## - Pie de imprenta
Fecha de publicación, distribución, etc. 2005
300 ## - Descripción física
Extensión 613 páginas
490 ## - Serie
Título de la Serie Investigación Criminal
650 ## - Materia general
Temática (materia general) DELITOS
650 ## - Materia general
Temática (materia general) DOCMATICA
650 ## - Materia general
Temática (materia general) CAUSALISMO
650 ## - Materia general
Temática (materia general) CULPABILIDAD
650 ## - Materia general
Temática (materia general) METODO ONTOLOGICO
650 ## - Materia general
Temática (materia general) FINALISMO
650 ## - Materia general
Temática (materia general) CRITICA
650 ## - Materia general
Temática (materia general) ESCUELAS
650 ## - Materia general
Temática (materia general) NEXO CASUAL
650 ## - Materia general
Temática (materia general) TIPICIDAD
650 ## - Materia general
Temática (materia general) ANTIJURICIDAD
650 ## - Materia general
Temática (materia general) ACCION DOLOSA
942 ## - Punto de acceso adicional KOHA
Tipo de ítem KOHA Libro
Fuente del sistema de clasificación o colocación Dewey Decimal Classification
Existencias
Signatura completa Código de barras Programa Académico Tipo de ítem
364.1 J61i2 13259 Investigación Criminal Libro